header

Creating mobile apps with Sencha Touch 2 (Record no. 12840)

MARC details
000 -LEADER
fixed length control field 01122nam a2200301Ia 4500
100 1# - MAIN ENTRY--AUTHOR NAME
Personal name Clark, John Earl.
245 10 - TITLE STATEMENT
Title Creating mobile apps with Sencha Touch 2
260 ## - PUBLICATION, DISTRIBUTION, ETC. (IMPRINT)
Place of publication Birmingham, UK :
Name of publisher Packt,
Year of publication 2013.
300 ## - PHYSICAL DESCRIPTION
Number of Pages 309 p. :
Other physical details ill.
500 ## - GENERAL NOTE
General note Includes index.
650 #0 - SUBJECT ADDED ENTRY--TOPICAL TERM
Topical Term Mobile computing.
Topical Term Application software.
700 1# - ADDED ENTRY--PERSONAL NAME
Personal name Johnson, Bryan P.
856 40 - ELECTRONIC LOCATION AND ACCESS
Uniform Resource Identifier http://site.ebrary.com/lib/rucke/Doc?id=10684506

No items available.

© 2026 Rongo University
Contact us: librarian | system librarian | Rongo university